01529njm a2200313Ia 450000100060000000300090000600500170001500800410003204000130007304000130008610000190009910000180011810000370013624500370017325000110021026000080022126000380022930000170026730000280028450000450031250502530035765000560061070000660066670001630073270000880089570001130098370001010109670000180119735999IT-RoPAU20220918181129.0131025s9999 xx 000 0 und d aIT-RoPAU cIT-RoPAU aDebussy Claude eAutore musica gCodice autore musica SPICS: 7486 aWater Music of the Impressionist a1a ed. aUSA bDELOS RECORDSc1983 [1a Ed.:1983] aCOMPACT DISC c4 minuti (Testo: pag.) aMusica classica, strumentale: pianoforte aOndine (4:00) - Poissons d'or (4:00) - Reflets dans l'eau (6:00) - Jardins sous la pluie (4:00) - La cathedrale engloutie (7:00) - Ondine (7:00) - Jeux d'eau (6:00) - The Fountain of the Acqua Paola (4:00) - Les jeux d'eaux a la villa d'Este (8:00) aCLASSICA [COMPACT DISC]eCodice MATERIA SPICS: 9949 aRosenberger CarolgCodice interprete SPICS: 33058eInterprete aDebussy ClaudegCodice autore musica SPICS: 7486eAutore musicapOndine - Poissons d'or - Reflets dans l'eau - Jardins sous la pluie - La cathedrale engloutie aRavel MauricegCodice autore musica SPICS: 2180eAutore musicapOndine - Jeux d'eau aGriffes Charles TomlinsongCodice autore musica SPICS: 17070eAutore musicapThe Fountain of the Acqua Paola aLiszt FranzgCodice autore musica SPICS: 10789eAutore musicapLes jeux d'eaux a la villa d'Este eAutore musica